000 00940nam a22003137a 4500
003 CHAP
005 20220329134213.0
008 971013s1977 r 00010 d
010 _a16917
011 _a17889
035 _a21973
040 _cCHAP
082 _a580.12
_bJ3 1977
100 0 0 _aJaques, Harry E.
_961096
245 _aPlant families; how to know them
250 _a2 ed.
260 _aDubuque, Iowa :
_bBrown,
_c1977
300 _a17 p.
_b: ilus
490 _aPicture key. Nature science
590 _aBATCH-UPD
_b10
_c20130110
_lUCH01
_h2106
590 _aBATCH-UPD
_b10
_c20130410
_lUCH01
_h1418
590 _aBATCH-UPD
_b10
_c20130914
_lUCH01
_h0728
590 _aCONVERSION
_b10
_c20130109
_lUCH01
_h1310
650 1 4 _aBotánica
_xClasificación.
_914516
830 0 _aPicture key. Nature science
_987991
901 _aBK
942 _cLIBRO
949 _a580.12 J3 1977
_bBC
_cC
_d33724000517686
_eC
_h3689
_i21973
_si
_t230.00
999 _c16917
_d16917